Southeast Asian tribes, minorities, and nations / (Record no. 12767)
[ view plain ]
| 000 -LEADER | |
|---|---|
| fixed length control field | 00962nam a22002771a 4500 |
| 001 - CONTROL NUMBER | |
| control field | 12767 |
| 003 - CONTROL NUMBER IDENTIFIER | |
| rucl marc code | BD-RjUL |
| 005 - DATE AND TIME OF LATEST TRANSACTION | |
| control field | 20211208235343.0 |
| 008 - FIXED-LENGTH DATA ELEMENTS--GENERAL INFORMATION | |
| fixed length control field | 140129s1967 njuab b 100 0 eng |
| 035 ## - SYSTEM CONTROL NUMBER | |
| System control number | (BD-RjUL)12817 |
| 040 ## - CATALOGING SOURCE | |
| Original cataloging agency | DLC |
| Transcribing agency | DLC |
| Modifying agency | DLC |
| -- | BD-RjUL |
| Language of cataloging | eng |
| 041 ## - LANGUAGE CODE | |
| Language code of text/sound track or separate title | eng |
| 082 00 - DEWEY DECIMAL CLASSIFICATION NUMBER | |
| Edition number | 23 |
| Classification number | 305.8 |
| Author mark and year | SOU 1967 |
| 245 10 - TITLE STATEMENT | |
| Title | Southeast Asian tribes, minorities, and nations / |
| Statement of responsibility, etc. | edited by Peter Kunstadter |
| 260 ## - PUBLICATION, DISTRIBUTION, ETC. (IMPRINT) | |
| Place of publication, distribution, etc. | Princeton, N.J. : |
| Name of publisher, distributor, etc. | Princeton University Press, |
| Date of publication, distribution, etc. | 1967. |
| 300 ## - PHYSICAL DESCRIPTION | |
| Pagination | v. : |
| Illustrations | ill. ; |
| Size | 24 cm. |
| 504 ## - BIBLIOGRAPHY, ETC. NOTE | |
| Bibliography, etc | Includes bibliographies. |
| 505 ## - FORMATTED CONTENTS NOTE | |
| Formatted contents note | Vol. 1-- V. 2-- |
| 650 #0 - SUBJECT ADDED ENTRY--TOPICAL TERM | |
| Topical term or geographic name as entry element | Minorities |
| Geographic subdivision | Southeast Asia. |
| 9 (RLIN) | 39768 |
| Topical term or geographic name as entry element | Minorities |
| Geographic subdivision | China. |
| 9 (RLIN) | 39769 |
| Topical term or geographic name as entry element | Minorities |
| Geographic subdivision | India. |
| 9 (RLIN) | 39770 |
| 700 1# - ADDED ENTRY--PERSONAL NAME | |
| Personal name | Kunstadter, Peter. |
| Relator term | ed. |
| 710 2# - ADDED ENTRY--CORPORATE NAME | |
| Corporate name or jurisdiction name as entry element | Woodrow Wilson School of Public and International Affairs. |
| Subordinate unit | Center of International Studies. |
| 9 (RLIN) | 9882 |
| Corporate name or jurisdiction name as entry element | American Anthropological Association. |
| 9 (RLIN) | 39772 |
| 942 ## - ADDED ENTRY ELEMENTS (KOHA) | |
| Source of classification or shelving scheme | Dewey Decimal Classification |
| Koha item type | Books |
| Lost status | Source of classification or shelving scheme | Damaged status | Not for loan | Collection code | Permanent Location | Current Location | Shelving location | Date acquired | Source of acquisition | Cost, normal purchase price | Total Checkouts | Full call number | Date last seen | Date checked out | Copy number | Koha item type |
|---|---|---|---|---|---|---|---|---|---|---|---|---|---|---|---|---|
| Dewey Decimal Classification | Non-fiction | Central Library, University of Rajshahi | Central Library, University of Rajshahi | 29/01/2014 | Heffer and Sons | 225.00 | 3 | 305.8 SOU V-1 1967 | 10/02/2015 | 10/02/2015 | C-2 | Books | ||||
| Dewey Decimal Classification | Not For Loan | Non-fiction | Central Library, University of Rajshahi | Central Library, University of Rajshahi | Reading Room | 29/01/2014 | Zeithinger | 225.00 | 305.8 SOU V-1 1967 | 18/04/2017 | C-1 | Books | ||||
| Dewey Decimal Classification | Not For Loan | Non-fiction | Central Library, University of Rajshahi | Central Library, University of Rajshahi | Reading Room | 21/05/2017 | Heffers | 225.00 | 305.8 SOU V-2 1967 | 21/05/2017 | C-1 | Books | ||||
| Dewey Decimal Classification | Non-fiction | Central Library, University of Rajshahi | Central Library, University of Rajshahi | 21/05/2017 | Heffers & Sons | 225.00 | 305.8 SOU V-2 1967 | 21/05/2017 | C-2 | Books | ||||||
| Dewey Decimal Classification | Non-fiction | Central Library, University of Rajshahi | Central Library, University of Rajshahi | 21/05/2017 | Heffers & Sons | 225.00 | 305.8 SOU V-2 1967 | 21/05/2017 | C-3 | Books | ||||||
| Dewey Decimal Classification | Non-fiction | Central Library, University of Rajshahi | Central Library, University of Rajshahi | 21/05/2017 | Heffers & Sons | 225.00 | 305.8 SOU V-1 1967 | 21/05/2017 | C-3 | Books |